Mini encyclopedia, birds / (Record no. 8539)
[ view plain ]
| 000 -LEADER | |
|---|---|
| fixed length control field | 01349cam a22003497i 4500 |
| 001 - CONTROL NUMBER | |
| control field | 8539 |
| 003 - CONTROL NUMBER IDENTIFIER | |
| control field | FISKH |
| 005 - DATE AND TIME OF LATEST TRANSACTION | |
| control field | 20250918141336.0 |
| 008 - FIXED-LENGTH DATA ELEMENTS--GENERAL INFORMATION | |
| fixed length control field | 140903r20142010enka j e 001 0 eng d |
| 010 ## - LIBRARY OF CONGRESS CONTROL NUMBER | |
| LC control number | 2014395934 |
| 020 ## - INTERNATIONAL STANDARD BOOK NUMBER | |
| International Standard Book Number | 9781435156395 |
| Qualifying information | pbk |
| 020 ## - INTERNATIONAL STANDARD BOOK NUMBER | |
| International Standard Book Number | 1435156390 |
| Qualifying information | pbk |
| 020 ## - INTERNATIONAL STANDARD BOOK NUMBER | |
| International Standard Book Number | 9781782094432 |
| 040 ## - CATALOGING SOURCE | |
| Original cataloging agency | PLJ |
| Language of cataloging | eng |
| Transcribing agency | PLJ |
| Description conventions | rda |
| Modifying agency | OCLCF |
| -- | DLC |
| 050 00 - LIBRARY OF CONGRESS CALL NUMBER | |
| Classification number | QL672.2 |
| Item number | .T39 2014 |
| 082 00 - DEWEY DECIMAL CLASSIFICATION NUMBER | |
| Classification number | 598.03 |
| Edition number | 23 |
| 100 1# - MAIN ENTRY--PERSONAL NAME | |
| Personal name | Taylor, Barbara, |
| Dates associated with a name | 1954- |
| 245 10 - TITLE STATEMENT | |
| Title | Mini encyclopedia, birds / |
| Statement of responsibility, etc. | authors Barbara Taylor, Jinny Johnson. |
| 260 ## - PUBLICATION, DISTRIBUTION, ETC. | |
| Place of publication, distribution, etc. | Essex : |
| Name of publisher, distributor, etc. | Miles Kelly, |
| Date of publication, distribution, etc. | 2010. |
| 300 ## - PHYSICAL DESCRIPTION | |
| Extent | 384 pages : |
| Other physical details | color illustrations ; |
| Dimensions | 17 cm |
| 500 ## - GENERAL NOTE | |
| General note | Includes index. |
| 520 ## - SUMMARY, ETC. | |
| Summary, etc. | Crammed with information on feathers, flight, camouflage, eggs, migration, songs and sounds, food, senses, nests, colonies, habitats, identification, conservation, and much more.-- |
| Assigning source | Souce other than Library of Congress. |
| 534 ## - ORIGINAL VERSION NOTE | |
| Introductory phrase | Originally published: |
| Publication, distribution, etc. of original | 2010, |
| Note about original | under title: |
| Title statement of original | Birds. |
| 650 #0 - SUBJECT ADDED ENTRY--TOPICAL TERM | |
| Topical term or geographic name entry element | Birds |
| Form subdivision | Encyclopedias. |
| 650 #7 - SUBJECT ADDED ENTRY--TOPICAL TERM | |
| Topical term or geographic name entry element | Birds. |
| Source of heading or term | fast |
| Authority record control number or standard number | (OCoLC)fst00832970 |
| 655 #7 - INDEX TERM--GENRE/FORM | |
| Genre/form data or focus term | Encyclopedias. |
| Source of term | fast |
| Authority record control number or standard number | (OCoLC)fst01423798 |
| 655 #7 - INDEX TERM--GENRE/FORM | |
| Genre/form data or focus term | Encyclopedias. |
| Source of term | lcgft |
| Authority record control number or standard number | https://id.loc.gov/authorities/genreForms/gf2014026092 |
| 700 1# - ADDED ENTRY--PERSONAL NAME | |
| Personal name | Johnson, Jinny, |
| Dates associated with a name | 1949- |
| 906 ## - LOCAL DATA ELEMENT F, LDF (RLIN) | |
| a | 7 |
| b | cbc |
| c | copycat |
| d | 2 |
| e | ncip |
| f | 20 |
| g | y-gencatlg |
| 942 ## - ADDED ENTRY ELEMENTS (KOHA) | |
| Source of classification or shelving scheme | Dewey Decimal Classification |
| Koha item type | Books |
| Suppress in OPAC | No |
| Withdrawn status | Lost status | Source of classification or shelving scheme | Damaged status | Not for loan | Collection | Home library | Current library | Shelving location | Date acquired | Total Checkouts | Full call number | Barcode | Date last seen | Copy number | Price effective from | Koha item type |
|---|---|---|---|---|---|---|---|---|---|---|---|---|---|---|---|---|
| Dewey Decimal Classification | Reference | Footprints International School Library Network Toul Kork Campus | Footprints International School Library Network Toul Kork Campus | Librarian's Shelf TK | 09/18/2025 | GAL 598.03 QL672 .T39 | 2025-4424 | 09/18/2025 | 1 | 09/18/2025 | Books |
